000
00280nam a22001217a 4500
008
181020b xxu||||| |||| 00| 0 eng d
041
_a
eng
080
_a
341
100
_a
19
101
_a
SHP
245
_a
Negroes and the New Southern Politics
_c
Matthews, D.R
942
_2
udc
_c
BK
999
_c
50334
_d
50334